Regional (Record no. 78344)
[ view plain ]
| 000 -LEADER | |
|---|---|
| fixed length control field | 00702cab a2200193 4500 |
| 001 - CONTROL NUMBER | |
| control field | L136554 |
| 008 - FIXED-LENGTH DATA ELEMENTS--GENERAL INFORMATION | |
| fixed length control field | 070207n2007 000 0 eng u |
| 035 ## - SYSTEM CONTROL NUMBER | |
| System control number | (Sirsi) u136554 |
| 041 0# - LANGUAGE CODE | |
| Language code of text/sound track or separate title | eng |
| 100 1# - MAIN ENTRY--PERSONAL NAME | |
| Personal name | McAllister, Sean |
| 245 00 - TITLE STATEMENT | |
| Title | Regional |
| Remainder of title | West Midlands |
| 260 ## - PUBLICATION, DISTRIBUTION, ETC. | |
| Date of publication, distribution, etc. | 2007 |
| 490 #0 - SERIES STATEMENT | |
| Series statement | Property Week |
| Volume/sequential designation | 72(5) 2 February 2007, 97-126(11) |
| 520 ## - SUMMARY, ETC. | |
| Summary, etc. | Discusses investment in the Birmingham office market, regeneration and plans for a new transport hub in Wolverhampton, Wolverhampton's lost status as a retail destination and inward investment in Birmingham. |
| 590 ## - LOCAL NOTE (RLIN) | |
| Local note | KA |
| 651 #4 - SUBJECT ADDED ENTRY--GEOGRAPHIC NAME | |
| Geographic name | WEST MIDLANDS |
| 690 ## - LOCAL SUBJECT ADDED ENTRY--TOPICAL TERM (OCLC, RLIN) | |
| Topical term or geographic name as entry element | PROPERTY-COMMERCIAL PROPERTY-COMMERCIAL PROPERTY MARKET |
| 942 ## - ADDED ENTRY ELEMENTS (KOHA) | |
| Suppress in OPAC | 0 |
| Withdrawn status | Lost status | Source of classification or shelving scheme | Damaged status | Not for loan | Home library | Current library | Shelving location | Date acquired | Total Checkouts | Full call number | Barcode | Date last seen | Copy number | Price effective from | Koha item type |
|---|---|---|---|---|---|---|---|---|---|---|---|---|---|---|---|
| Dewey Decimal Classification | London | London | Journal article | 07/02/2007 | L136554 | 136554-1001 | 06/08/2019 | 1 | 06/08/2019 | Journal article |